JR京浜東北・根岸線の駅 - Statistics

General Stats
  • This quiz has been taken 153 times
  • The average score is 42 of 47
Answer Stats
駅番号 駅名 % Correct
JK 47 大宮
99%
JK 38 赤羽
98%
JK 32 日暮里
98%
JK 30 上野
98%
JK 28 秋葉原
98%
JK 26 東京
98%
JK 25 有楽町
98%
JK 20 品川
98%
JK 16 川崎
98%
JK 12 横浜
98%
JK 21 高輪ゲートウェイ
97%
JK 33 西日暮里
96%
JK 29 御徒町
96%
JK 27 神田
96%
JK 24 新橋
96%
JK 17 蒲田
96%
JK 46 さいたま新都心
95%
JK 19 大井町
95%
JK 43 浦和
94%
JK 31 鶯谷
94%
JK 23 浜松町
94%
JK 22 田町
94%
JK 13 東神奈川
94%
JK 42 南浦和
93%
JK 18 大森
93%
JK 11 桜木町
93%
JK 01 大船
93%
JK 15 鶴見
92%
JK 34 田端
91%
JK 44 北浦和
90%
JK 39 川口
90%
JK 45 与野
87%
JK 41
87%
JK 36 王子
87%
JK 10 関内
87%
JK 07 根岸
87%
JK 37 東十条
85%
JK 40 西川口
84%
JK 14 新子安
83%
JK 09 石川町
81%
JK 08 山手
79%
JK 35 上中里
78%
JK 03 港南台
78%
JK 06 磯子
76%
JK 04 洋光台
74%
JK 02 本郷台
71%
JK 05 新杉田
67%
No matching quizzes found
Score Distribution
Percent of People with Each Score
Percentile by Number Answered
Your Score History
You have not taken this quiz